|
|
|
|
| LEADER |
00000nab a2200000 ar4500 |
| 001 |
vtls009167642 |
| 003 |
SK-MaSNL |
| 005 |
20260304171202.0 |
| 008 |
071214c2007 xo wr|p|||||||000 b|slo |
| 015 |
|
|
|a SNBRB2007/12
|2 snkbucl
|
| 040 |
|
|
|a SNKBUCL
|b slo
|c SNKBUCL
|e AACR2
|
| 041 |
0 |
|
|a slo
|
| 044 |
|
|
|a xo
|c SK
|
| 080 |
|
|
|a 341.653
|x (73:729.1)
|2 2001
|
| 080 |
|
|
|a 339.545
|x (73:729.1)
|2 2001
|
| 080 |
|
|
|a 327
|x (729.1:73) ô2 2001
|2 1981
|
| 100 |
1 |
|
|a Hospodárová, Miroslava
|4 aut
|9 1041639
|
| 245 |
1 |
0 |
|a Môže embargo za každý neúspech na ostrove?
|b Kuba sa po 16. raz pokúsi o zrušenie embarga
|c Miroslava Hospodárová
|
| 300 |
|
|
|b Fotogr.
|
| 500 |
|
|
|a Do č. 5 vychádzalo periodikum ako Domino fórum
|
| 650 |
0 |
7 |
|a embargo
|z Spojené štáty americké
|2 snkbucl
|9 1499393
|
| 650 |
0 |
7 |
|a diplomacia
|z Kuba
|2 snkbucl
|9 1499394
|
| 651 |
|
7 |
|a Spojené štáty americké
|2 snkbucl
|9 18262
|
| 651 |
|
7 |
|a Kuba
|2 snkbucl
|9 17345
|
| 655 |
|
7 |
|a analýzy
|2 snkbucl
|9 22242
|
| 773 |
0 |
|
|t Domino efekt
|g Roč. XVI, č. 41 (2007), s. 23-24
|x 1335-4426
|
| 852 |
|
|
|a SNK
|b KIS3GCP
|
| 958 |
|
|
|a CU
|
| 958 |
|
|
|a US
|
| 999 |
|
|
|c 2992091
|d 2994021
|